Cielo, tierra y mar : (Record no. 7679)

MARC details
000 -CABECERA
campo de control de longitud fija 00647nam a2200181 a 4500
005 - FECHA Y HORA DE LA ÚLTIMA TRANSACCIÓN
campo de control 20240511063700.0
008 - ELEMENTOS DE LONGITUD FIJA--INFORMACIÓN GENERAL
campo de control de longitud fija 991125ss.a. mx 000 0 spa u
035 ## - NÚMERO DE CONTROL DEL SISTEMA
Número de control de sistema UPN01000007679
049 ## - COLECCIÓN
Colección LT
050 #4 - SIGNATURA TOPOGRÁFICA DE LA BIBLIOTECA DEL CONGRESO
Número de clasificación LB1573 M6.6
Número de documento/Ítem Z3.2 LE
100 1# - ASIENTO PRINCIPAL--NOMBRE PERSONAL
Nombre de persona Zamora Orozco, Valentín,
Fechas asociadas al nombre 1912?-1968
9 (RLIN) 29515
245 10 - MENCIÓN DE TÍTULO
Título Cielo, tierra y mar :
Resto del título cuaderno de trabajo : lecturas en silencio y ejercicios de aplicación
-- lecturas en silencio y ejercicios de aplicación /
Mención de responsabilidad, etc. Valentín Zamora Orozco
260 ## - PUBLICACIÓN, DISTRIBUCIÓN, ETC.
Lugar de publicación, distribución, etc. México :
Nombre del editor, distribuidor, etc. [s.n.],
Fecha de publicación, distribución, etc. s.a.
300 ## - DESCRIPCIÓN FÍSICA
Extensión 82 p.
650 #4 - ASIENTO SECUNDARIO DE MATERIA - TERMINO TEMATICO
Término de materia o nombre geográfico como elemento de entrada Español
Subdivisión general Estudio y enseñanza (Elemental)
9 (RLIN) 2806
904 ## - ELEMENTOS DE DATOS D LOCAL, LDD (RLIN)
a AC
b 007679
905 ## - TIPO DE MATERIAL
Tipo de material Libro
Holdings
Estado de retiro Estado de pérdida Fuente del sistema de clasificación o colocación Estado dañado No para préstamo Código de colección Localización permanente Ubicación/localización actual Ubicación en estantería Fecha de adquisición Clasificación Código de barras Fecha visto por última vez Tipo de ítem Koha Número de copia Precio válido a partir de
    Library of Congress Classification   Disponible (Préstamo en sala) Libros de texto Bib. Gregorio Torres Quintero Bib. Gregorio Torres Quintero Colecciones especiales Planta alta 04/05/2022 LB1573 M6.6 Z3.2 LE 46726 31/12/2020 Libro    
    Library of Congress Classification   Disponible (Préstamo en sala) Libros de texto Bib. Gregorio Torres Quintero Bib. Gregorio Torres Quintero Colecciones especiales Planta alta 17/03/2022 LB1573 M6.6 Z3.2 LE 123319 17/03/2022 Libro Ej. 2 17/03/2022